Standard details for fire-resistive building construction (Record no. 30658)

MARC details
000 -LEADER
fixed length control field 00305nam a2200109Ia 4500
082 ## - DEWEY DECIMAL CLASSIFICATION NUMBER
Classification number 669.974
Item number PRE
100 ## - MAIN ENTRY--AUTHOR NAME
Personal name Przetak, Louis
245 #0 - TITLE STATEMENT
Title Standard details for fire-resistive building construction
260 ## - PUBLICATION, DISTRIBUTION, ETC. (IMPRINT)
Place of publication New York
Name of publisher McGraw Hill
Year of publication 1977
942 ## - ADDED ENTRY ELEMENTS (KOHA)
Koha item type Books
Holdings
Withdrawn status Lost status Damaged status Not for loan Home library Current library Date acquired Cost, normal purchase price Full call number Accession Number Koha item type
      Write off RRII Library RRII Library 16/12/2021 19.95 669.974 PRE 11228 Books